Online
Catalog

Florence; : (Record no. 18355)

MARC details
000 -CABECERA
campo de control de longitud fija 00589nam a22002051 4500
001 - NÚMERO DE CONTROL
campo de control 000018835
005 - FECHA Y HORA DE LA ÚLTIMA TRANSACCIÓN
campo de control 20200929165850.0
008 - DATOS DE LONGITUD FIJA--INFORMACIÓN GENERAL
campo de control de longitud fija 770920s1970 onca 000 0 fre
010 ## - NÚMERO DE CONTROL DE LA BIBLIOTECA DEL CONGRESO
Número de control de LC 75857319
015 ## - NÚMERO DE BIBLIOGRAFÍA NACIONAL
Número de bibliografía nacional C***
040 ## - FUENTE DE LA CATALOGACIÓN
Centro catalogador/agencia de origen DO-SdBNP
Centro/agencia transcriptor MB
Centro/agencia modificador DLC
050 00 - SIGNATURA TOPOGRÁFICA DE LA BIBLIOTECA DEL CONGRESO
Número de clasificación PQ3919.2.D76
Número de documento/Ítem F6
100 1# - ENTRADA PRINCIPAL--NOMBRE DE PERSONA
Nombre de persona Dube, Marcel,
Fechas asociadas al nombre 1930-
9 (RLIN) 40590
245 10 - MENCIÓN DE TÍTULO
Título Florence; :
Resto del título piece en deux parties et quatre tableaux.
260 ## - PUBLICACIÓN, DISTRIBUCIÓN, ETC.
Lugar de publicación, distribución, etc. [Ottawa] :
Nombre del editor, distribuidor, etc. Lemeac,
Fecha de publicación, distribución, etc. [1970].
300 ## - DESCRIPCIÓN FÍSICA
Extensión 150 p. :
Otras características físicas illus. ;
Dimensiones 20 cm.
490 0# - MENCIÓN DE SERIE
Mención de serie Collection Theatre canadien, 16
500 ## - NOTA GENERAL
Nota general Play.
910 ## - DATOS DE OPCIÓN DEL USUARIO (OCLC)
Datos de opción del usuario Catalogación derivada / LC
Holdings
Estado de retiro Estado de pérdida Restricciones de uso No para préstamo Código de colección Localización permanente Ubicación/localización actual Ubicación en estantería Fecha de adquisición Número de inventario Total de préstamos Signatura topográfica completa Código de barras Fecha visto por última vez Precio válido a partir de Tipo de ítem Koha
      Excluido de préstamo Monografías: Libros y Folletos General General En catalogación 19.05.2010 LF1   18835-10 25.06.2020 25.06.2020 No se presta

Powered by Koha